Najdrożsi piłkarze z Ameryki Południowej - Statystyki

Ogólne statystyki
  • Ten quiz został rozwiązany 75 razy
    21 od ostatniego zresetowania
  • Średni wynik to 6 z 10
Statystyki odpowiedzi
Wartość Narodowość Piłkarz % Poprawnych
200 MLN Brazylia Vinicius Junior
100%
130 MLN Urugwaj Federico Valverde
94%
100 MLN Brazylia Rodrygo
83%
95 MLN Argentyna Lautaro Martinez
72%
80 MLN Ekwador Moisés Caicedo
61%
90 MLN Argentyna Julián Álvarez
56%
85 MLN Kolumbia Luis Díaz
44%
90 MLN Argentyna Alexis Mac Allister
33%
80 MLN Brazylia Rapinha
22%
80 MLN Brazylia Bruno Guimarães
0%
Nie znaleziono quizów pasujących do podanych kryteriów
Rozkład punktacji
Procent ludzi z każdym wynikiem
Percentyl według liczby udzielonych odpowiedzi
Twoja historia wyników
Nie rozwiązałeś tego quizu od ostatniego zresetowania